Você conhece todas as músicas da Taylor Alison Swift? - Statistics

Estatísticas Gerais
  • Esse quiz foi jogado 1 212 vezes
    225 desde o último reset
  • A pontuação média é 128 de 259
Estatísticas das Respostas
Álbum Música % Correto
Fearless (Taylor's Version) Fearless
84%
Speak Now (Taylor's Version) Ours
80%
Red (Taylor's Version) Red
79%
Lover ME!
78%
Debut Our Song
78%
Speak Now (Taylor's Version) Speak Now
78%
Lover Lover
77%
Fearless (Taylor's Version) Love Story
77%
folklore cardigan
76%
Red (Taylor's Version) All Too Well
75%
Fearless (Taylor's Version) You Belong With Me
74%
Debut Tim McGraw
72%
1989 (Taylor's Version) Blank Space
71%
Midnights Anti-Hero
70%
folklore august
70%
1989 (Taylor's Version) Shake It Off
70%
evermore evermore
69%
folklore the 1
69%
The Life Of a Showgirl The Fate Of Ophelia
69%
1989 (Taylor's Version) Welcome To New York
69%
Speak Now (Taylor's Version) Dear John
68%
Reputation Delicate
68%
Reputation Dress
68%
Fearless (Taylor's Version) Fifteen
68%
1989 (Taylor's Version) Style
68%
folklore betty
67%
Midnights Karma
67%
Midnights Midnight Rain
67%
Speak Now (Taylor's Version) Mine
67%
Reputation ...Ready For It?
67%
The Life Of a Showgirl The Life Of a Showgirl
67%
Lover The Man
67%
Reputation End Game
66%
Fearless (Taylor's Version) White Horse
66%
1989 (Taylor's Version) Bad Blood
64%
Debut Invisible
64%
Speak Now (Taylor's Version) Mean
64%
Speak Now (Taylor's Version) Enchanted
63%
Debut Picture to Burn
63%
Speak Now (Taylor's Version) Sparks Fly
63%
Debut Teardrops On My Guitar
63%
The Tortured Poets Department The Tortured Poets Department
63%
Red (Taylor's Version) 22
62%
Speak Now (Taylor's Version) Back To December
62%
Reputation Don't Blame Me
62%
Speak Now (Taylor's Version) Long Live
62%
Reputation New Year's Day
62%
1989 (Taylor's Version) Out Of The Woods
62%
Lover The Archer
62%
The Life Of a Showgirl Wood
62%
Reputation Call It What You Want
61%
The Life Of a Showgirl Elizabeth Taylor
61%
Reputation I Did Something Bad
61%
Reputation King Of My Heart
61%
Reputation Look What You Made Me Do
61%
folklore mirrorball
61%
The Life Of a Showgirl Opalite
61%
1989 (Taylor's Version) "Slut!"
61%
1989 (Taylor's Version) Wildest Dreams
61%
evermore willow
61%
evermore champagne problems
60%
Lover Daylight
60%
Midnights Lavender Haze
60%
1989 (Taylor's Version) New Romantics
60%
Midnights Paris
60%
Fearless (Taylor's Version) The Way I Loved You
60%
1989 (Taylor's Version) Clean
59%
Lover Cornelia Street
59%
Lover Cruel Summer
59%
folklore exile
59%
Red (Taylor's Version) I Knew You Were Trouble
59%
folklore illicit affairs
59%
Red (Taylor's Version) We Are Never Ever Getting Back Together
59%
Speak Now (Taylor's Version) Better Than Revenge
57%
The Tortured Poets Department Fortnight
57%
folklore hoax
57%
Midnights Maroon
57%
Debut Mary's Song (Oh My My My)
57%
Midnights Bejeweled
56%
Speak Now (Taylor's Version) Last Kiss
56%
The Tortured Poets Department: The Anthology Peter
56%
folklore seven
56%
The Tortured Poets Department So Long, London
56%
folklore the last great american dynasty
56%
1989 (Taylor's Version) Wonderland
56%
Lover You Need To Calm Down
56%
Red (Taylor's Version) All Too Well (10 minute)
55%
Reputation Getaway Car
55%
Lover London Boy
55%
evermore marjorie
55%
folklore my tears ricochet
55%
Lover Paper Rings
55%
1989 (Taylor's Version) This Love
55%
Lover All Of The Girls You Loved Before
54%
Reputation Gorgeous
54%
Fearless (Taylor's Version) Mr. Perfectly Fine
54%
Midnights Snow On The Beach
54%
Red (Taylor's Version) State Of Grace
54%
Reputation This Is Why We Can't Have Nice Things
54%
Speak Now (Taylor's Version) When Emma Falls In Love
54%
Midnights You're Losing Me
54%
Lover Afterglow
53%
The Life Of a Showgirl CANCELLED!
53%
evermore dorothea
53%
folklore invisible string
53%
folklore mad woman
53%
Speak Now (Taylor's Version) Never Grow Up
53%
evermore no body, no crime
53%
The Life Of a Showgirl Ruin The Friendship
53%
The Tortured Poets Department: The Anthology The Black Dog
53%
Speak Now (Taylor's Version) Timeless
53%
1989 (Taylor's Version) All You Had To Do Was Stay
52%
Speak Now (Taylor's Version) Innocent
52%
Lover It's Nice To Have A Friend
52%
evermore ivy
52%
Lover Miss Americana & The Heartbreak Prince
52%
evermore right where you left me
52%
Reputation So It Goes...
52%
folklore this is me trying
52%
The Tortured Poets Department Florida!!!
51%
Midnights Mastermind
51%
Midnights Question...?
51%
The Tortured Poets Department: The Anthology So High School
51%
folklore the lakes
51%
evermore tolerate it
51%
Midnights Would've, Could've, Should've
51%
1989 (Taylor's Version) You Are In Love
51%
Midnights You're On Your Own, Kid
51%
Speak Now (Taylor's Version) Castles Crumbling
49%
evermore cowboy like me
49%
Midnights Dear Reader
49%
The Life Of a Showgirl Father Figure
49%
1989 (Taylor's Version) I Wish You Would
49%
The Tortured Poets Department My Boy Only Breaks His Favorite Toys
49%
folklore peace
49%
Red (Taylor's Version) Stay Stay Stay
49%
1989 (Taylor's Version) Suburban Legends
49%
Speak Now (Taylor's Version) Superman
49%
Red (Taylor's Version) Babe
48%
Fearless (Taylor's Version) Bye Bye Baby
48%
The Tortured Poets Department Clara Bow
48%
Midnights Hits Different
48%
Lover I Forgot That You Existed
48%
1989 (Taylor's Version) Is It Over Now?
48%
evermore it's time to go
48%
1989 (Taylor's Version) Now That We Don't Talk
48%
Red (Taylor's Version) Ronan
48%
Debut Should've Said No
48%
Red (Taylor's Version) Treacherous
48%
Red (Taylor's Version) Better Man
47%
Midnights Bigger Than The Whole Sky
47%
Reputation Dancing With Our Hands Tied
47%
Lover Death By A Thousand Cuts
47%
folklore epiphany
47%
Lover False God
47%
evermore gold rush
47%
Speak Now (Taylor's Version) Haunted
47%
1989 (Taylor's Version) I Know Places
47%
Lover Soon You'll Get Better
47%
The Tortured Poets Department The Alchemy
47%
Speak Now (Taylor's Version) The Story Of Us
47%
Speak Now (Taylor's Version) Foolish One
46%
Fearless (Taylor's Version) Forever & Always
46%
Midnights Glitch
46%
The Tortured Poets Department Guilty As Sin?
46%
Fearless (Taylor's Version) Hey Stephen
46%
Red (Taylor's Version) I Bet You Think About Me
46%
Outros I Don't Wanna Live Forever
46%
1989 (Taylor's Version) Say Don't Go
46%
The Tortured Poets Department: The Anthology The Prophecy
46%
The Tortured Poets Department But Daddy I Love Him
45%
The Tortured Poets Department Down Bad
45%
The Tortured Poets Department I Can Do It With a Broken Heart
45%
Speak Now (Taylor's Version) I Can See You
45%
Lover I Think He Knows
45%
The Life Of a Showgirl Wi$h Li$t
45%
Debut Cold As You
44%
Speak Now (Taylor's Version) Electric Touch
44%
The Life Of a Showgirl Honey
44%
Debut I'm Only Me When I'm With You
44%
The Tortured Poets Department loml
44%
evermore long story short
44%
Midnights The Great War
44%
Debut Tied Together With a Smile
44%
Fearless (Taylor's Version) Breathe
43%
evermore coney island
43%
1989 (Taylor's Version) How You Get The Girl
43%
The Tortured Poets Department: The Anthology Robin
43%
Red (Taylor's Version) Run
43%
Debut Stay Beautiful
43%
The Tortured Poets Department: The Anthology The Albatross
43%
The Tortured Poets Department The Smallest Man Who Ever Lived
43%
Midnights Vigilante Shit
43%
The Life Of a Showgirl Actually Romantic
41%
The Tortured Poets Department: The Anthology Chloe or Sam or Sophia or Marcus
41%
Midnights Labyrinth
41%
Debut The Outside
41%
The Tortured Poets Department Who's Afraid Of Little Old Me?
41%
Red (Taylor's Version) Holy Ground
40%
evermore 'tis the damn season
40%
evermore happiness
39%
Outros Safe & Sound
39%
The Tortured Poets Department Fresh Out The Slammer
38%
Midnights High Infidelity
38%
Fearless (Taylor's Version) If This Was A Movie
38%
Red (Taylor's Version) Message In A Bottle
38%
The Tortured Poets Department: The Anthology The Manuscript
38%
Red (Taylor's Version) Forever Winter
37%
The Tortured Poets Department I Can Fix Him (No Really I Can)
37%
Midnights Sweet Nothing
37%
The Tortured Poets Department: The Anthology thanK you aIMee
37%
The Tortured Poets Department: The Anthology The Bolter
37%
Debut A Place In This World
36%
Red (Taylor's Version) Begin Again
36%
Red (Taylor's Version) Everything Has Changed
36%
The Tortured Poets Department: The Anthology How Did It End?
36%
Red (Taylor's Version) Sad Beautiful Tragic
36%
Red (Taylor's Version) The Very First Night
36%
Debut A Perfectly Good Heart
34%
The Tortured Poets Department: The Anthology I Hate It Here
34%
Fearless (Taylor's Version) Superstar
34%
Red (Taylor's Version) The Last Time
34%
Fearless (Taylor's Version) Today Was A Fairytale
34%
The Tortured Poets Department: The Anthology Cassandra
33%
Fearless (Taylor's Version) Change
33%
Red (Taylor's Version) Girl At Home
33%
The Tortured Poets Department: The Anthology I Look In People's Windows
33%
Fearless (Taylor's Version) Jump Then Fall
33%
evermore closure
32%
Red (Taylor's Version) The Moment I Knew
32%
Red (Taylor's Version) Come Back... Be Here
31%
Red (Taylor's Version) Nothing New
31%
Fearless (Taylor's Version) The Best Day
31%
Fearless (Taylor's Version) Don't You
30%
Red (Taylor's Version) I Almost Do
30%
The Tortured Poets Department: The Anthology imgonnagetyouback
30%
Red (Taylor's Version) Starlight
30%
Fearless (Taylor's Version) That's When
30%
Red (Taylor's Version) The Lucky One
29%
Fearless (Taylor's Version) The Other Side Of The Door
28%
Outros Carolina
26%
Fearless (Taylor's Version) You're Not Sorry
26%
Fearless (Taylor's Version) Tell Me Why
25%
Fearless (Taylor's Version) You All Over Me
24%
Fearless (Taylor's Version) Come In With The Rain
23%
Outros Only The Young
22%
Outros Us.
22%
Fearless (Taylor's Version) Untouchable
21%
Outros Crazier
20%
Outros Renegade
20%
Fearless (Taylor's Version) We Were Happy
18%
The Life Of a Showgirl Eldest Doughter
17%
Outros Christmas Tree Farm
16%
Outros Eyes Open
16%
Outros Beautiful Ghosts
15%
Outros The Alcott
14%
Outros Gasoline
11%
Outros The Joker And The Queen
11%
Outros Sweeter Than Fiction
10%
Nenhum quiz correspondente encontrado
Distribuição das Pontuações
Porcentagem de Pessoas com Cada Pontuação
Percentil de Números Respondidos
Sua Pontuação Histórica
Você não jogou esse quiz desde o último reset